| 000 | 00683nam a22002057a 4500 | ||
|---|---|---|---|
| 003 | OSt | ||
| 005 | 20240703071421.0 | ||
| 008 | 240703b |||||||| |||| 00| 0 eng d | ||
| 020 | _a978-621-416-013-6 | ||
| 040 |
_aDWC- Main Lib _cOC |
||
| 082 | _aFil. 658 R786r 2016 | ||
| 100 | _aRoque, Rodelio, S. | ||
| 245 |
_aReviewer in management advisory service. / _cRodelio, S. Roque. |
||
| 250 | _a2016 edition | ||
| 260 |
_aManila, Philippines : _bGIC Enterprises & Co. Inc., _cc2016. |
||
| 300 |
_a955 pages : _billustrations ; _c22cm. |
||
| 650 | _a1. Accounting– Examination, question etc. | ||
| 650 | _a2. Management– Examinations, questions etc. | ||
| 942 |
_2ddc _cBK - FIL _n1 |
||
| 999 |
_c1890 _d1890 |
||